An analysis of the use of inversion in English and Vietnamese literature

Introduction; Literature review; Methodology...

Saved in:
Bibliographic Details
Main Author: Nguyễn, Hải Nhung.
Other Authors: Phan Văn Hòa, Assoc.Prof.Dr. (Hướng dẫn.)
Format: Unknown
Language:English
Published: Đà Nẵng : Đại học Đà Nẵng, 2010.
Subjects:
Tags: Add Tag
No Tags, Be the first to tag this record!
Institutions: Mạng thư viện Đại học Đà Nẵng
LEADER 02675na a2200373 4500
001 000031755
003 7082
005 20230724104542.0
008 151001s2010 000 eng
040 |a LNN 
041 |a ENG 
082 |a 420.3  |b NG-N 
100 1 |a Nguyễn, Hải Nhung. 
245 1 3 |a An analysis of the use of inversion in English and Vietnamese literature  |h [Thesis-Luận văn thạc sĩ] /  |c Nguyễn Hải Nhung; Phan Văn Hòa hướng dẫn. 
260 |a Đà Nẵng :  |b Đại học Đà Nẵng,  |c 2010. 
300 |a 114tr. ;  |c 29 cm. +  |e 1 tóm tắt. 
500 |a M.A thesis in the English language. 
520 3 |a Introduction; Literature review; Methodology... 
630 0 4 |a Tiếng Anh. 
650 0 4 |a English language  |x Inversion. 
700 1 |a Phan Văn Hòa,  |c Assoc.Prof.Dr.,  |e Hướng dẫn. 
OWN |a LNN 
AVA |a UDN50  |b LNN  |c English  |d 420.3 NG-N  |e available  |t Error 5001 Not defined in file expand_doc_bib_avail.  |f 1  |g 0  |h N  |i 0  |j AN  |k 1 
Z40 3 |y An analysis of the use of inversion in English and Vietnamese literature  |l Library of UFL  |t VIEW  |x http://catalog.udn.vn:80/F?func=service&doc_library=UDN01&local_base=UDN01&doc_number=000031755&sequence=000001&line_number=0001&func_code=DB_RECORDS&service_type=MEDIA  |f Summary-Thesis_000033667.pdf  |e pdf  |s 000641157  |k 20240415  |m NTMTHI 
Z40 3 |y An analysis of the use of inversion in English and Vietnamese literature  |l Library of UFL  |t VIEW  |x http://catalog.udn.vn:80/F?func=service&doc_library=UDN01&local_base=UDN01&doc_number=000031755&sequence=000002&line_number=0002&func_code=DB_RECORDS&service_type=MEDIA  |f Thesiscomplete_000033669.pdf  |e pdf  |s 001640282  |k 20240415  |m NTMTHI 
999 |a From the UDN01 
AVA |a UDN50  |b LNN  |c English  |d 420.3 NG-N  |e available  |t Error 5001 Not defined in file expand_doc_bib_avail.  |f 1  |g 0  |h N  |i 0  |j AN  |k 1 
TYP |a Printed language 
856 |y An analysis of the use of inversion in English and Vietnamese literature  |l Library of UFL  |t VIEW  |x http://catalog.udn.vn:80/F?func=service&doc_library=UDN01&local_base=UDN01&doc_number=000031755&sequence=000001&line_number=0001&func_code=DB_RECORDS&service_type=MEDIA  |f Summary-Thesis_000033667.pdf  |e pdf  |s 000641157  |k 20240415  |m NTMTHI 
856 |y An analysis of the use of inversion in English and Vietnamese literature  |l Library of UFL  |t VIEW  |x http://catalog.udn.vn:80/F?func=service&doc_library=UDN01&local_base=UDN01&doc_number=000031755&sequence=000002&line_number=0002&func_code=DB_RECORDS&service_type=MEDIA  |f Thesiscomplete_000033669.pdf  |e pdf  |s 001640282  |k 20240415  |m NTMTHI 
980 |a Mạng thư viện Đại học Đà Nẵng